Ausländerstatistik Fürstentum Liechtenstein 30. April 1980

Uložené v:
Podrobná bibliografia
Médium: Kniha
Jazyk:German
Vydavateľské údaje: Vaduz Amt für Volkswirtschaft 1980
Tagy: Pridať tag
Žiadne tagy, Buďte prvý, kto otaguje tento záznam!

MARC

LEADER 00000nam a2200000 4500
001 c142348
005 20251217123225.5
041 0 |a ger 
044 |a LI 
245 1 0 |a Ausländerstatistik Fürstentum Liechtenstein  |b 30. April 1980 
264 1 |a Vaduz  |b Amt für Volkswirtschaft  |c 1980 
300 |a 41 s.